• 首页
  • 本馆介绍
  • 公告通知
  • 最新文献
  • 馆藏检索
  • 电子资源
  • 读者导购
  • 参考咨询
  • 我的图书馆
  • 登录
  • 详细信息显示
  • 放入我的书架
  • 预约/预借图书
  • 作者相关作品
  • 分类相关作品
  • 丛书相关作品
  • 出版社相关作品

书目信息

  • 表格格式
  • 工作单格式
  • 卡片格式
题名:
中国孤竹文化
    
 
作者: 宋坤 主编
分册:  
出版信息: 北京   中国文史出版社  2013
页数: 456页
开本: 24cm
丛书名:
单 册:
中图分类: K223.07
科图分类:
主题词: 古国--Gu Guo--研究--中国--商周时代
电子资源:
ISBN: 978-7-5034-4029-8
000 00770nam0 22002291 450
001 350896
005 20161013094132.53
010    @a978-7-5034-4029-8@dCNY88.00
100    @a20131225d2013 em y0chiy50 ea
101 0  @achi
102    @aCN@b110000
105    @aa z 000yy
106    @ar
200 1  @a中国孤竹文化@AZhong Guo Gu Zhu Wen Hua@f宋坤主编
210    @a北京@c中国文史出版社@d2013
215    @a456页@c图@d24cm
330    @a本书收录中国孤竹文化学术论文66篇。内容包括:试论孤竹;孤竹国浅探;孤竹国初探;孤竹国考证;孤竹国史话;孤竹国历史文化综述;孤竹古画面面观等。
606 0  @a古国@AGu Guo@x研究@y中国@z商周时代
690    @aK223.07@v5
701  0 @a宋坤@ASong Kun@f(1951~)@4主编
801  0 @aCN@bTANGWEI@c20160808
905    @b0892299-302@dK223.07@e26@f4
    
    中国孤竹文化/宋坤主编.-北京:中国文史出版社,2013
    456页:图;24cm
    
    
    ISBN 978-7-5034-4029-8:CNY88.00
    本书收录中国孤竹文化学术论文66篇。内容包括:试论孤竹;孤竹国浅探;孤竹国初探;孤竹国考证;孤竹国史话;孤竹国历史文化综述;孤竹古画面面观等。
●
相关链接 在E读中查询图书 在五车中查询图书 在当当中查询图书 在豆瓣中查询图书


正题名:中国孤竹文化     索取号:K223.07/26         预约/预借

序号 登录号 条形码 馆藏地/架位号 状态 备注
1 0892299   208922996   第二样本阅览室/ [索取号:K223.07/26] 在馆    
2 0892300   208923003   第二借阅区/ [索取号:K223.07/26] 已借出,限还日期为2026.08.12
借出人:高光新  
 
3 0892301   208923012   第二借阅区/ [索取号:K223.07/26] 在馆    
4 0892302   208923021   史法系资料室/ [索取号:K223.07/26] 在馆    
唐山师范学院图书馆 欢迎您!
大连网信软件有限公司© 版权所有